000 00554nam a2200193 a 4500
001 18392
003 CO-ViMGA
008 141112s2004 ck r 000 u spa d
020 _a9861620097
040 _aCO-ViMGA
_bspa
_cCO-ViMGA
082 0 4 _a331.88 L174s
100 1 _aLaski, Harold
_926189
245 1 0 _aLos sindicatos en la nueva sociedad
260 _aMexico,
_cFondo de cultura económica,
_c1985
300 _a195.p.
590 _aForma de adquisición : Premio - Mincultura - - Precio : 7.800
650 1 4 _aSINDICATOS
_914921
942 _2ddc
_cBK
999 _c27694
_d27694